000 00418nam a2200169Ia 4500
008 230524s9999 xx 000 0 und d
020 _a0004725034
082 _a415
_bCOL
100 _aCollins
_92985
245 0 _aCollins English Dictionary And Thesaurus
250 _a21ST
260 _aLONDON
_bHarper Collins
_c2000
300 _aXXIII;1397
500 _aQuantity Number: 1
650 _aEnglish
942 _cBK
999 _c5105
_d5105